000
00253 a2200097 4500
001
52657
100
_a
Encyclopedia Britannica Inc
245
_a
Encyclopedia Britannica 1983
260
_a
Chicago
_b
Encyclopedia Britannica Inc
_c
090
_c
33127
_d
33127
942
_a
NUST-CAE
_c
M
_c
25700
999
_c
287730
_d
287730